Short stories from Pakistan : (Record no. 169087)

MARC details
000 -LEADER
fixed length control field 00636nam a2200193 4500
005 - DATE AND TIME OF LATEST TRANSACTION
control field 20191105124007.0
010 ## - LCCN (DPL NO)
LC control number ENG-126820
020 ## - INTERNATIONAL STANDARD BOOK NUMBER
Terms of availability 250.00
035 ## - SYSTEM CONTROL NUMBER
System control number EN-110352
037 ## - SOURCE OF ACQUISITION
Source of stock number/acquisition DBAD/PUB
082 ## - DEWEY DECIMAL CLASSIFICATION NUMBER
Classification number S
245 ## - TITLE STATEMENT
Title Short stories from Pakistan :
Statement of responsibility, etc ed.by Intizar Hussain [and] Asif Farrukhi
Remainder of title fifty years of Pakistani short stories /
260 ## - PUBLICATION, DISTRIBUTION, ETC. (IMPRINT)
Place of publication, distribution, etc New Delhi
Name of publisher, distributor, etc Sahitya Akademi
Date of publication, distribution, etc 2018
270 ## - ADDRESS
Address Rabindra Bhavan, 35, Ferozeshah Road, New Delhi
Postal code 110001
Electronic mail address secretary@sahitya.akademi.gov.in
Telephone number 011-23386626
300 ## - PHYSICAL DESCRIPTION
Extent 334p.
Dimensions 22cm(Hb)
700 ## - ADDED ENTRY--PERSONAL NAME
Personal name Hussain, Intizar
700 ## - ADDED ENTRY--PERSONAL NAME
Personal name Asif Farrukhi
942 ## - ADDED ENTRY ELEMENTS (KOHA)
Source of classification or shelving scheme Dewey Decimal Classification
Item type English Books
Classification part S
Call number suffix SHO
Holdings
Withdrawn status Lost status Not for loan Collection code Home library Current library Date acquired Source of acquisition Cost, normal purchase price Full call number Barcode Copy number Cost, replacement price Koha item type
      Non-fiction Central Library Central Library 05/11/2019 DBAD/PUB 250.00 S SHO EN-110352 1 250.00 English Books

© Delhi Public Library
Hit Counter
free hit counter